LEADER 01128cam0-2200361---450- 001 990008512840403321 005 20131016111654.0 010 $a88-14-12092-7 035 $a000851284 035 $aFED01000851284 035 $a(Aleph)000851284FED01 035 $a000851284 100 $a20070521d2006----km-y0itay50------ba 101 0 $aita 102 $aIT 105 $ay-------001yy 200 1 $aImpugnazioni di delibere assembleari e cosa giudicata$fStefano A. Villata 210 $aMilano$cGiuffrè$d2006 215 $aIX, 539 p.$d24 cm 225 1 $aPubblicazioni dell'Istituto di diritto processuale civile$v24 610 0 $aDiritto delle società$aAssemblee 610 0 $aSocietà per azioni$aAssemblee$aDeliberazioni$aValidità 676 $a346.4506645$v21$zita 700 1$aVillata,$bStefano A.$0431279 801 0$aIT$bUNINA$gRICA$2UNIMARC 901 $aBK 912 $a990008512840403321 952 $aPP-95$b14227$fDDRC 952 $aUniversità 319 (24)$b50218*$fFGBC 959 $aDDRC 959 $aFGBC 996 $aImpugnazioni di delibere assembleari e cosa giudicata$9732425 997 $aUNINA